The dinosaur hunters (Record no. 51928)

MARC details
000 -LEADER
fixed length control field 00742nam a2200241 i 4500
001 - CONTROL NUMBER
control field C2-0236035
003 - CONTROL NUMBER IDENTIFIER
control field PPAK
005 - DATE AND TIME OF LATEST TRANSACTION
control field 20180727195945.0
008 - FIXED-LENGTH DATA ELEMENTS--GENERAL INFORMATION
fixed length control field 010929s2001 enka|||| ||||| | eng d
020 ## - INTERNATIONAL STANDARD BOOK NUMBER
International Standard Book Number 1857029631
040 ## - CATALOGING SOURCE
Original cataloging agency PPAK
Language of cataloging eng
Transcribing agency PPAK
Description conventions rda
082 04 - DEWEY DECIMAL CLASSIFICATION NUMBER
Classification number 567.90922
Edition number 23
090 00 - LOCALLY ASSIGNED LC-TYPE CALL NUMBER (OCLC); LOCAL CALL NUMBER (RLIN)
Classification number (OCLC) (R) ; Classification number, CALL (RLIN) (NR) 567.90922
Feature heading CAD
Feature heading G
100 1# - MAIN ENTRY--PERSONAL NAME
Personal name Cadbury, Deborah,
Relator term author
245 14 - TITLE STATEMENT
Title The dinosaur hunters
Remainder of title A story of scientific rivalry and the discovery of the prehistoric world
264 #1 - PRODUCTION, PUBLICATION, DISTRIBUTION, MANUFACTURE, AND COPYRIGHT NOTICE
Place of production, publication, distribution, manufacture London :
Name of producer, publisher, distributor, manufacturer HarperCollins ,
Date of production, publication, distribution, manufacture, or copyright notice 2001
300 ## - PHYSICAL DESCRIPTION
Extent x, 374 pages :
Other physical details illustrations ;
Dimensions 20 cm
336 ## - CONTENT TYPE
Source rdacontent
Content type term text
337 ## - MEDIA TYPE
Source rdamedia
Media type term unmediated
338 ## - CARRIER TYPE
Source rdacarrier
Carrier type term volume
650 10 - SUBJECT ADDED ENTRY--TOPICAL TERM
Topical term or geographic name entry element Paleontologists - Great Britain
942 ## - ADDED ENTRY ELEMENTS (KOHA)
-- dc
Koha item type Book
Holdings
Withdrawn Not for loan Current library Shelving location Date acquired Full call number Barcode Date last seen Koha item type Total Checkouts Checked out Date last checked out Total Renewals
    Perpustakaan Alor Setar Pinjaman Dewasa 22/10/2001 567.90922 CAD A00972857 08/05/2018 Book        
    Perpustakaan Alor Setar Pinjaman Dewasa 22/10/2001 567.90922 CAD A00972858 08/05/2018 Book        
    Perpustakaan Awam Sungai Petani Pinjaman Dewasa 22/10/2001 567.90922 CAD A00972859 13/06/2026 Book 1 04/07/2026 13/06/2026  
    Perpustakaan Langkawi Pinjaman Dewasa 22/10/2001 567.90922 CAD A00972860 14/09/2020 Book 1   04/08/2020 1